| 000 | 00688nam a22002417a 4500 | ||
|---|---|---|---|
| 999 |
_c35338 _d35338 |
||
| 003 | OSt | ||
| 005 | 20220602131523.0 | ||
| 008 | 181219b xxu||||| |||| 00| 0 spa d | ||
| 020 | _a978-987-614-023-2 | ||
| 040 | _cBiblioteca Ernesto Sábato | ||
| 092 |
_a361.57 _bP785 _eJLS |
||
| 100 | _aPomeraniec, Hinde | ||
| 245 |
_aKatrina, el imperio al desnudo. _b Racismo y subdesarrollo en Estados Unidos |
||
| 260 |
_aBuenos Aires _bCapital Intelectual _c2007 |
||
| 300 | _a101 p | ||
| 440 |
_aClaves para todos. Dirigida por José Nun _n 71 |
||
| 650 | _aHURACANES | ||
| 650 | _aCATASTROFES NATURALES | ||
| 650 | _aKATRINA | ||
| 650 | _aRACISMO | ||
| 650 | _2JLS | ||
| 942 |
_2ddc _cJLS |
||